00759nam a2200265Ia 4500003000400000005001700004008004100021020001500062040001800077041000800095082002100103100002000124245005300144250001200197260006700209300002800276650002800304650002200332650001700354700002100371700002300392700003300415700002600448700001900474OSt20250303142318.0210716s2003 xx 000 0 und d a8173666385 cAIMIT LIBRARY aeng a006.67121bGALB aGalbraith, Ben. aBeginning jsp 2.0 /cBy Ben Galbraith...[et.al]. a1st ed. aMumbai :bShroff Publishers and Distributors Pvt Ltd ,c2003. axv,844p. ;bPBc23.8 cm aViewing request headers aWorking with data aRousing code aHaan, Peter den. aLavandowska, Lance aPanduranga, Sathya Narayana. aPerrumal, Krishnaraj. aSgarbi, Erick.